| 000 | 00390cam a22001334a 4500 | ||
|---|---|---|---|
| 020 | _a1308028148 (pbk.) | ||
| 050 | 0 | 0 |
_aHD30.28 _b.T83 2013 |
| 100 | 1 | _aTymon, Walter. | |
| 245 | 1 | 0 |
_aStrategic thinking and implementation / _cWalter Tymon. |
| 260 |
_aVillanova University [USA] : _bMcGraw-Hill Education, _c2013. |
||
| 300 | _aiv, 427 p. : | ||
| 650 | 0 | _xStrategic planning. | |
| 942 |
_2lcc _cGEN |
||
| 999 |
_c5439 _d5439 |
||